000
00288nam a2200109Ia 4500
001
588836
005
20250717120838.0
008
250717s9999 xx 000 0 und d
245
0
_a
V-15 BULUŞLAR VE SERÜVENLERİ ARABALAR
_c
XACT STUDİA
260
_b
TİMAŞ YAYINLARI
_c
2020
300
_b
64
999
_c
588836
_d
588836